• 首页
  • 本馆介绍
  • 公告通知
  • 最新文献
  • 馆藏检索
  • 电子资源
  • 读者导购
  • 参考咨询
  • 我的图书馆
  • 登录
  • 详细信息显示
  • 放入我的书架
  • 预约/预借图书
  • 作者相关作品
  • 分类相关作品
  • 丛书相关作品
  • 出版社相关作品

书目信息

  • 表格格式
  • 工作单格式
  • 卡片格式
题名:
高校芭蕾形体美育教程
    
 
作者: 胡伟 , 张玉萍 , 武巍峰 著
分册:  
出版信息: 上海   上海音乐出版社  2013
页数: 140页
开本: 26cm
丛书名: 首都师范大学音乐学院教材系列
单 册:
中图分类: J732.5
科图分类:
主题词: 芭蕾舞--ba lei wu--高等学教--教材
电子资源:
ISBN: 978-7-5523-0371-1
000 01184nam 2200313 450
001 340413
005 20150625160951.42
010    @a978-7-5523-0371-1@dCNY35.00
100    @a20140207d2013 em y0chiy50 ea
101 0  @achi
102    @aCN@b310000
105    @aak a 000yy
106    @ar
200 1  @a高校芭蕾形体美育教程@Agao xiao ba lei xing ti mei yu jiao cheng@f胡伟, 张玉萍, 武巍峰著
210    @a上海@c上海音乐出版社@d2013
215    @a140页@c图@d26cm
225 2  @a首都师范大学音乐学院教材系列@Ashou du shi fan da xue yin yue xue yuan jiao cai xi lie
300    @a北京市“211工程”重点建设学科出版专项
320    @a有书目 (第139-140页)
330    @a本书采用较为规范化和导读性的编述结构, 诠释了芭蕾舞的训练与内容。全书共五章, 内容包括: 热身活动、直立塑形、扶把训练、素质练习等。
333    @a适用于艺术院校相关专业师生、舞蹈创作研究人员、舞蹈爱好者及相关读者。
410  0 @12001 @a首都师范大学音乐学院教材系列
606 0  @a芭蕾舞@Aba lei wu@x高等学教@j教材
690    @aJ732.5@v5
701  0 @a胡伟@Ahu wei@4著
701  0 @a张玉萍@Azhang yu ping@4著
701  0 @a武巍峰@Awu wei feng@4著
801  0 @aCN@b卓展宏图@c20150525
905    @dJ732.5@e140@f4
    
    高校芭蕾形体美育教程/胡伟, 张玉萍, 武巍峰著.-上海:上海音乐出版社,2013
    140页:图;26cm.-(首都师范大学音乐学院教材系列)
    北京市“211工程”重点建设学科出版专项.-使用对象:适用于艺术院校相关专业师生、舞蹈创作研究人员、舞蹈爱好者及相关读者。
    
    ISBN 978-7-5523-0371-1:CNY35.00
    本书采用较为规范化和导读性的编述结构, 诠释了芭蕾舞的训练与内容。全书共五章, 内容包括: 热身活动、直立塑形、扶把训练、素质练习等。
●
相关链接 在E读中查询图书 在五车中查询图书 在当当中查询图书 在豆瓣中查询图书


正题名:高校芭蕾形体美育教程     索取号:J732.5/140         预约/预借

序号 登录号 条形码 馆藏地/架位号 状态 备注
1 865573   208655739   第一样本阅览室/ [索取号:J732.5/140] 在馆    
2 865574   208655748   第一借阅区/ [索取号:J732.5/140] 在馆    
3 865575   208655757   第一借阅区/ [索取号:J732.5/140] 在馆    
4 865576   208655766   第一借阅区/ [索取号:J732.5/140] 在馆    
唐山师范学院图书馆 欢迎您!
大连网信软件有限公司© 版权所有